[Event "2. Bundesliga Mitte 2009/2010"]
[Site "Frauental"]
[Date "2010.02.28"]
[Round "8"]
[Board "6"]
[White "Steiner, Stefan"]
[Black "Toefferl, Heimo"]
[Result "1-0"]
[WhiteElo "2230"]
[BlackElo "2142"]
[PlyCount "159"]
[EventDate "2009.10.10"]
[EventType "team"]
[EventRounds "11"]
[EventCountry "AUT"]
[WhiteTeam "Strassenbahn Graz"]
[BlackTeam "ZH-Technologies Wolfsberg"]

1.Nf3 d5 2.c4 c6 3.cxd5 cxd5 4.d4 Nf6 5.Nc3 a6 6.Bf4 Nc6 7.e3 g6 8.h3 Bg7 9.Bd3
O-O 10.O-O b5 11.Rc1 Bb7 12.Ne5 Rc8 13.Qd2 Nxe5 14.Bxe5 Ne4 15.Bxe4 dxe4 16.Bxg7
Kxg7 17.Ne2 Qd6 18.Rxc8 Rxc8 19.Rc1 Rxc1+ 20.Qxc1 a5 21.Qc5 Qxc5 22.dxc5 e5
23.Nc3 Bc6 24.a3 Kf6 25.b4 axb4 26.axb4 Ke6 27.Kh2 f5 28.Kg3 g5 29.h4 h6 30.hxg5
hxg5 31.Kh2 f4 32.Kh3 Kf6 33.g3 Kf5 34.Ne2 Bd7 35.Nc3 Bc6 36.Ne2 Bd7 37.gxf4
gxf4 38.Kh4 fxe3 39.fxe3 Bc6 40.Nc3 Kf6 41.Nb1 Ke6 42.Nd2 Bd5 43.Kg5 Bc6 44.Kg6
Bd5 45.Kg5 Bc6 46.Nb3 Bd7 47.Na5 Ke7 48.c6 Be6 49.Kg6 Kd6 50.Kf6 Bc4 51.Kf5 Bd3
52.Nb3 Bf1 53.Nc5 Bh3+ 54.Kf6 Kd5 55.c7 Kd6 56.Nxe4+ Kxc7 57.Kxe5 Bf1 58.Nd6 Kc6
59.Nf5 Bc4 60.Nd4+ Kd7 61.Nf3 Be2 62.Ng5 Bc4 63.Ne4 Kc6 64.Nd2 Ba2 65.e4 Bg8
66.Nf1 Kd7 67.Ne3 Bf7 68.Nd5 Kc6 69.Nf4 Kd7 70.Kf6 Bc4 71.Ng2 Kd6 72.Ne3 Kd7
73.Ke5 Bb3 74.Nf5 Bg8 75.Kf6 Bb3 76.e5 Ba2 77.Nd4 Bc4 78.e6+ Bxe6 79.Nxe6 Kd6
80.Nf4

[Event "2. Bundesliga Mitte 2009/2010"]
[Site "Frauental"]
[Date "2010.02.28"]
[Round "8"]
[Board "2"]
[White "Rogic, Davor"]
[Black "Weiss, Christian"]
[Result "1/2-1/2"]
[WhiteElo "2559"]
[BlackElo "2421"]
[PlyCount "72"]
[EventDate "2009.10.10"]
[EventType "team"]
[EventRounds "11"]
[EventCountry "AUT"]
[WhiteTeam "SV Signum Siebdruck St. Veit/Glan"]
[BlackTeam "Union Ansfelden"]

1.e4 c5 2.Nf3 e6 3.d4 cxd4 4.Nxd4 a6 5.c4 Qc7 6.Nc3 Nf6 7.Be3 Bb4 8.Qd3 Nc6
9.Nxc6 dxc6 10.Be2 e5 11.O-O Bxc3 12.bxc3 Be6 13.a4 O-O 14.Rab1 c5 15.Rfd1 h6
16.f3 Rfd8 17.Qc2 b6 18.Rxd8+ Rxd8 19.Qb2 Rb8 20.a5 Nd7 21.Qa3 bxa5 22.Rxb8+
Qxb8 23.Qxa5 Qb1+ 24.Kf2 Qc2 25.Qxa6 Qxc3 26.Qd6 Qb2 27.Ke1 Nb6 28.Qxc5 Nxc4
29.Bxc4 Qc3+ 30.Bd2 Qxc4 31.Qxe5 Qd3 32.Qc3 Qxc3 33.Bxc3 f6 34.Kf2 h5 35.Ke3 Kf7
36.f4 f5

[Event "2. Bundesliga Mitte 2009/2010"]
[Site "Frauental"]
[Date "2010.02.28"]
[Round "8"]
[Board "3"]
[White "Knoll, Hermann"]
[Black "Jurkovic, Hrvoje"]
[Result "1-0"]
[WhiteElo "2384"]
[BlackElo "2423"]
[PlyCount "155"]
[EventDate "2009.10.10"]
[EventType "team"]
[EventRounds "11"]
[EventCountry "AUT"]
[WhiteTeam "Union Ansfelden"]
[BlackTeam "SV Signum Siebdruck St. Veit/Glan"]

1.d4 Nf6 2.Nf3 d6 3.c4 Nbd7 4.Nc3 e5 5.e4 c6 6.Be2 Be7 7.O-O Qc7 8.Re1 Nf8 9.h3
Ng6 10.Bf1 O-O 11.Rb1 h6 12.b4 Bd7 13.Qb3 a6 14.a4 Rfe8 15.d5 Rac8 16.a5 Qb8
17.Na4 Bd8 18.Ba3 cxd5 19.exd5 e4 20.Nd4 Ne5 21.Nb6 Bxb6 22.axb6 Rcd8 23.Rbc1
Bc8 24.b5 axb5 25.Nxb5 Bf5 26.Nc7 Re7 27.c5 Red7 28.c6 bxc6 29.dxc6 Rxc7 30.bxc7
Qxc7 31.Qb7 Ne8 32.Bb4 d5 33.Qa6 Rc8 34.Ba5 Qe7 35.Qb7 Qg5 36.Kh1 Nd6 37.Bc7
Ndc4 38.Bxe5 Nxe5 39.c7 Qf4 40.Qxd5 Nd3 41.Bxd3 exd3 42.Qe5 Qxe5 43.Rxe5 Be6
44.Rd1 Rxc7 45.Rxd3 g6 46.g4 Kg7 47.Kg2 g5 48.Kg3 Rc6 49.f3 Kf6 50.Ra5 h5 51.Re3
hxg4 52.hxg4 Rc8 53.Ree5 Rg8 54.Kf2 Rg7 55.Ke3 Rg8 56.Rec5 Bd7 57.Ra6+ Be6
58.Ke4 Rb8 59.Raa5 Rg8 60.Ke3 Bd7 61.Ra6+ Be6 62.Rf5+ Kg6 63.Rfa5 Rb8 64.Ra8
Rxa8 65.Rxa8 f5 66.Ra6 Kf6 67.gxf5 Kxf5 68.Ra5+ Kg6 69.Ke4 Bh3 70.Rb5 Bg2 71.Rb2
Bh3 72.Ke5 g4 73.f4 Kh5 74.f5 Bf1 75.Rf2 Bc4 76.Kf4 g3 77.Rg2 Kh6 78.Rxg3

[Event "2. Bundesliga Mitte 2009/2010"]
[Site "Frauental"]
[Date "2010.02.28"]
[Round "8"]
[Board "4"]
[White "Kaspret, Guido"]
[Black "Ennsberger, Ulrich"]
[Result "0-1"]
[WhiteElo "2310"]
[BlackElo "2347"]
[PlyCount "188"]
[EventDate "2009.10.10"]
[EventType "team"]
[EventRounds "11"]
[EventCountry "AUT"]
[WhiteTeam "SV Signum Siebdruck St. Veit/Glan"]
[BlackTeam "Union Ansfelden"]

1.c4 e5 2.Nc3 Bb4 3.Nf3 Bxc3 4.dxc3 d6 5.g3 Nc6 6.Bg2 Nge7 7.b3 O-O 8.Ba3 Bf5
9.Nd2 Qd7 10.h3 a5 11.Nf1 e4 12.Ne3 Bg6 13.Qd2 Rfe8 14.h4 h5 15.Bh3 Qd8 16.c5
dxc5 17.Bxc5 Qxd2+ 18.Kxd2 b6 19.Bxe7 Nxe7 20.Kc2 f5 21.Rhd1 Red8 22.c4 Kf7
23.Kc3 Ke6 24.f3 Ke5 25.Ng2 Bf7 26.fxe4 fxe4 27.Rf1 Bg8 28.Ne3 Rf8 29.Rad1 Be6
30.Bxe6 Kxe6 31.Rd4 Rxf1 32.Rxe4+ Kd6 33.Nxf1 Nf5 34.Rf4 Ke5 35.Rf3 g5 36.Rd3
gxh4 37.gxh4 Rg8 38.Rd5+ Ke4 39.Nd2+ Kf4 40.e3+ Kg4 41.Ne4 Rf8 42.Kd3 Kxh4
43.Ke2 Kg4 44.Rd7 h4 45.Nf2+ Kg3 46.Rxc7 Kg2 47.Rh7 Ng3+ 48.Kd2 Rd8+ 49.Kc2 Kxf2
50.Rxh4 Rd6 51.e4 Ke3 52.e5 Rd2+ 53.Kb1 Ne2 54.Rh3+ Kd4 55.e6 Nc3+ 56.Kc1 Re2
57.Rh4+ Kc5 58.a3 Na2+ 59.Kb1 Nc3+ 60.Kc1 Rxe6 61.Kc2 Ne4 62.Rh5+ Kd4 63.Rd5+
Ke3 64.b4 a4 65.Rd3+ Ke2 66.Rd4 Ke3 67.Rd3+ Kf4 68.Rd8 Rh6 69.Kd3 Nd6 70.c5 Rh3+
71.Kc2 Nb5 72.cxb6 Nxa3+ 73.Kd1 Rh7 74.Ra8 Nc4 75.Kc2 Nxb6 76.Rb8 Rc7+ 77.Kd3
Rd7+ 78.Kc3 Rd6 79.b5 Ke4 80.Kb4 Kd3 81.Ra8 Re6 82.Ra7 Kd4 83.Rb7 Kd5 84.Rc7 Kd6
85.Rb7 Kd5 86.Rc7 Rf6 87.Rc1 Rf4+ 88.Ka5 Rc4 89.Rh1 Kc5 90.Rh5+ Nd5 91.b6 a3
92.Rh1 Nc3 93.Ka6 Ra4+ 94.Kb7 a2

[Event "2. Bundesliga Mitte 2009/2010"]
[Site "Frauental"]
[Date "2010.02.28"]
[Round "8"]
[Board "5"]
[White "Moser, Guenter"]
[Black "Hebesberger, Thomas"]
[Result "1-0"]
[WhiteElo "2327"]
[BlackElo "2330"]
[PlyCount "95"]
[EventDate "2009.10.10"]
[EventType "team"]
[EventRounds "11"]
[EventCountry "AUT"]
[WhiteTeam "Union Ansfelden"]
[BlackTeam "SV Signum Siebdruck St. Veit/Glan"]

1.c4 c5 2.Nc3 Nc6 3.g3 g6 4.Bg2 Bg7 5.b3 e6 6.Bb2 Nge7 7.Nf3 d5 8.O-O O-O 9.d3
b6 10.Qd2 d4 11.Nd1 Bb7 12.e4 Qd7 13.Ng5 h6 14.Nh3 f5 15.f4 e5 16.Ndf2 fxe4
17.dxe4 Rae8 18.Nd3 exf4 19.gxf4 Nc8 20.Rae1 Nd6 21.Nhf2 Qd8 22.e5 Nf5 23.Bc1
Qh4 24.Qd1 a5 25.Ne4 Qe7 26.Qg4 Kh7 27.Rf2 Nb4 28.Qe2 Nxd3 29.Qxd3 Bc6 30.Ng5+
hxg5 31.Bxc6 g4 32.Rg2 Qh4 33.Rf1 Re7 34.Qe2 Nh6 35.Be4 Ref7 36.Bd5 Re7 37.Bd2
Qh5 38.Rg3 Kh8 39.Qg2 a4 40.h3 gxh3 41.Rxh3 Qf5 42.Be4 Qe6 43.Rff3 Rf5 44.Bd5
Qc8 45.Qxg6 Qf8 46.bxa4 Ra7 47.Be4 Raf7 48.Rfg3

[Event "2. Bundesliga Mitte 2009/2010"]
[Site "Frauental"]
[Date "2010.02.28"]
[Round "8"]
[Board "6"]
[White "Dietmayer-Kraeutler, Marco"]
[Black "Hellmayr, Alois"]
[Result "1/2-1/2"]
[WhiteElo "2258"]
[BlackElo "2269"]
[PlyCount "32"]
[EventDate "2009.10.10"]
[EventType "team"]
[EventRounds "11"]
[EventCountry "AUT"]
[WhiteTeam "SV Signum Siebdruck St. Veit/Glan"]
[BlackTeam "Union Ansfelden"]

1.d4 Nf6 2.c4 e6 3.Nc3 Bb4 4.Qc2 d6 5.a3 Bxc3+ 6.Qxc3 b6 7.f3 c5 8.e4 Nc6 9.d5
Nd4 10.Ne2 e5 11.Nxd4 cxd4 12.Qc2 a5 13.b3 Nd7 14.Bb2 Qg5 15.Bc1 Qg6 16.Bb2 Qg5

[Event "2. Bundesliga Mitte 2009/2010"]
[Site "St. Veit/Glan"]
[Date "2010.04.16"]
[Round "9"]
[Board "1"]
[White "Bosiocic, Marin"]
[Black "Taggatz, Mario"]
[Result "1/2-1/2"]
[WhiteElo "2577"]
[BlackElo "2330"]
[PlyCount "65"]
[EventDate "2009.10.10"]
[EventType "team"]
[EventRounds "11"]
[EventCountry "AUT"]
[WhiteTeam "SV Signum Siebdruck St. Veit/Glan"]
[BlackTeam "Spg. Sauwald"]

1.d4 Nf6 2.Bg5 c5 3.dxc5 e6 4.Nd2 Bxc5 5.e3 Nc6 6.Ngf3 b6 7.Bd3 Be7 8.O-O Bb7
9.a3 O-O 10.Qe2 h6 11.Bh4 Rc8 12.Rfd1 Nh5 13.Bg3 Nxg3 14.hxg3 Qc7 15.c4 Ne5
16.Nxe5 Qxe5 17.Nf3 Qb8 18.Rac1 Rfd8 19.Nd4 Qa8 20.Nf3 Qb8 21.Rc2 d5 22.cxd5
Bxd5 23.Ba6 Rxc2 24.Qxc2 Bxf3 25.Rxd8+ Bxd8 26.gxf3 Qc7 27.Qa4 g6 28.Qd4 Be7
29.Kg2 Qd6 30.Qe4 Kg7 31.Qa8 Bf6 32.b4 Be7 33.a4

[Event "2. Bundesliga Mitte 2009/2010"]
[Site "St. Veit/Glan"]
[Date "2010.04.16"]
[Round "9"]
[Board "2"]
[White "Schmidt, Peter"]
[Black "Rogic, Davor"]
[Result "0-1"]
[WhiteElo "2394"]
[BlackElo "2559"]
[PlyCount "120"]
[EventDate "2009.10.10"]
[EventType "team"]
[EventRounds "11"]
[EventCountry "AUT"]
[WhiteTeam "Spg. Sauwald"]
[BlackTeam "SV Signum Siebdruck St. Veit/Glan"]

1.Nf3 d5 2.g3 g6 3.Bg2 Bg7 4.d4 Nh6 5.O-O Nf5 6.c3 Nd7 7.Re1 O-O 8.Bf4 Nd6
9.Nbd2 Nf6 10.Rc1 c6 11.Qb3 h6 12.Be5 Be6 13.Qa3 Qd7 14.b3 b5 15.Bxf6 exf6 16.e3
a5 17.Bf1 Rfb8 18.c4 bxc4 19.bxc4 dxc4 20.Nxc4 Bf8 21.Nxd6 Bxd6 22.Qa4 Bb4
23.Re2 Rb6 24.Nd2 Bg4 25.Nc4 Rb5 26.Rb2 Rab8 27.Qc2 Be6 28.Rcb1 Qa7 29.Nd2 R5b6
30.Nc4 R6b7 31.a3 Bf8 32.Rxb7 Rxb7 33.Rxb7 Qxb7 34.Nxa5 Qc7 35.Nxc6 Bxa3 36.Bg2
Kg7 37.Qc3 Bd6 38.h4 Bxg3 39.fxg3 Qxg3 40.Qc2 Qe1+ 41.Bf1 Bd5 42.Na7 Qxh4 43.Qh2
Qg4+ 44.Bg2 Qd1+ 45.Bf1 Qg4+ 46.Bg2 Qd1+ 47.Bf1 Qc1 48.Qf2 Bc4 49.Kg2 Bxf1+
50.Qxf1 Qxe3 51.Nb5 h5 52.Qc4 Qg5+ 53.Kf2 Qf4+ 54.Ke2 h4 55.Qd3 Qg5 56.d5 Qg2+
57.Ke1 h3 58.Qf1 Qe4+ 59.Kf2 h2 60.Nc3 Qf4+

[Event "2. Bundesliga Mitte 2009/2010"]
[Site "St. Veit/Glan"]
[Date "2010.04.16"]
[Round "9"]
[Board "3"]
[White "Neubauer, Martin"]
[Black "Testor, Sebastian"]
[Result "1-0"]
[WhiteElo "2465"]
[BlackElo "2319"]
[PlyCount "63"]
[EventDate "2009.10.10"]
[EventType "team"]
[EventRounds "11"]
[EventCountry "AUT"]
[WhiteTeam "SV Signum Siebdruck St. Veit/Glan"]
[BlackTeam "Spg. Sauwald"]

1.e4 e6 2.d4 d5 3.Nc3 Bb4 4.e5 c5 5.a3 Ba5 6.b4 cxd4 7.Qg4 Ne7 8.bxa5 dxc3
9.Qxg7 Rg8 10.Qxh7 Nbc6 11.Nf3 Qxa5 12.Ng5 Nxe5 13.f4 f6 14.fxe5 fxg5 15.Be2 Qc5
16.Rb1 Qd4 17.Rb4 Qxe5 18.Rf1 Bd7 19.Rf7 O-O-O 20.Rxe7 Rh8 21.Qg7 Qxg7 22.Rxg7
Rxh2 23.Bxg5 Rh1+ 24.Kf2 Re8 25.Bf3 Bc6 26.Rb3 e5 27.Rxc3 e4 28.Rxc6+ bxc6
29.Bg4+ Kb8 30.Bf4+ Ka8 31.Bd7 e3+ 32.Ke2

[Event "2. Bundesliga Mitte 2009/2010"]
[Site "St. Veit/Glan"]
[Date "2010.04.16"]
[Round "9"]
[Board "4"]
[White "Hiermann, Dietmar"]
[Black "Mazi, Leon"]
[Result "1/2-1/2"]
[WhiteElo "2297"]
[BlackElo "2375"]
[PlyCount "62"]
[EventDate "2009.10.10"]
[EventType "team"]
[EventRounds "11"]
[EventCountry "AUT"]
[WhiteTeam "Spg. Sauwald"]
[BlackTeam "SV Signum Siebdruck St. Veit/Glan"]

1.e4 c5 2.Nc3 e6 3.f4 a6 4.Nf3 d6 5.d4 cxd4 6.Qxd4 Nc6 7.Qf2 b5 8.a3 Nf6 9.h3
Qc7 10.Be3 Rb8 11.Bd3 Be7 12.Ne2 Nd7 13.O-O O-O 14.c3 Na5 15.Rad1 Nc4 16.Bc1 Bb7
17.Ng3 Rfe8 18.Kh1 Bf8 19.Bb1 e5 20.fxe5 Ndxe5 21.Nd4 Ng6 22.Ndf5 Re6 23.a4 bxa4
24.Qd4 Rc8 25.Ne3 Nge5 26.Ba2 Rg6 27.Ngf5 Qc6 28.Nd5 Rd8 29.Nfe3 Nxe3 30.Bxe3
Bc8 31.Ra1 Be6

[Event "2. Bundesliga Mitte 2009/2010"]
[Site "St. Veit/Glan"]
[Date "2010.04.16"]
[Round "9"]
[Board "5"]
[White "Kaspret, Guido"]
[Black "Kirschner, Alexander"]
[Result "1/2-1/2"]
[WhiteElo "2310"]
[BlackElo "2220"]
[PlyCount "66"]
[EventDate "2009.10.10"]
[EventType "team"]
[EventRounds "11"]
[EventCountry "AUT"]
[WhiteTeam "SV Signum Siebdruck St. Veit/Glan"]
[BlackTeam "Spg. Sauwald"]

1.Nf3 Nf6 2.c4 c5 3.Nc3 g6 4.d4 cxd4 5.Nxd4 Bg7 6.g3 O-O 7.Bg2 Qc7 8.b3 d5
9.Ndb5 Qa5 10.Bd2 dxc4 11.bxc4 Nc6 12.O-O Bg4 13.h3 Bd7 14.Nd5 Qd8 15.Bc3 Rc8
16.Rb1 a6 17.Nxf6+ exf6 18.Nd6 Rb8 19.Rxb7 Rxb7 20.Nxb7 Qc8 21.Nd6 Qc7 22.Ne4 f5
23.Nf6+ Bxf6 24.Bxf6 Be6 25.Qc1 f4 26.gxf4 Nb8 27.f5 Nd7 28.Ba1 Bxf5 29.Bd5 Re8
30.Qh6 Ne5 31.f4 Qb6+ 32.Kh1 Qe3 33.Qh4 Bxh3

[Event "2. Bundesliga Mitte 2009/2010"]
[Site "St. Veit/Glan"]
[Date "2010.04.16"]
[Round "9"]
[Board "6"]
[White "Niederwieser, Peter"]
[Black "Hebesberger, Thomas"]
[Result "1-0"]
[WhiteElo "2173"]
[BlackElo "2330"]
[PlyCount "105"]
[EventDate "2009.10.10"]
[EventType "team"]
[EventRounds "11"]
[EventCountry "AUT"]
[WhiteTeam "Spg. Sauwald"]
[BlackTeam "SV Signum Siebdruck St. Veit/Glan"]

1.d4 d5 2.c4 dxc4 3.e4 e5 4.Nf3 exd4 5.Bxc4 Bb4+ 6.Nbd2 Nc6 7.O-O Bxd2 8.Bxd2
Nge7 9.Ng5 O-O 10.Qh5 h6 11.Nxf7 Rxf7 12.Bxf7+ Kh7 13.f4 Qf8 14.f5 Ne5 15.f6
Qxf7 16.Qxe5 Nc6 17.Qg3 Be6 18.Qh4 Rg8 19.fxg7 Qxg7 20.g3 Ne5 21.Rf6 Ng6
22.Qxh6+ Qxh6 23.Bxh6 Re8 24.Bg5 c5 25.Rc1 b6 26.b3 Ne5 27.Kg2 Kg7 28.Rff1 Kg6
29.h4 Bg4 30.Rf6+ Kg7 31.Rf4 Be2 32.Bf6+ Kg6 33.Bxe5 Rxe5 34.Kf2 Bd3 35.Rd1 Bc2
36.Rd2 Bb1 37.Rb2 Bd3 38.Rd2 Bb1 39.Kf3 b5 40.g4 a5 41.Rf5 Bxe4+ 42.Kf4 Rxf5+
43.gxf5+ Bxf5 44.Ke5 Bb1 45.Kd5 c4 46.bxc4 bxc4 47.Kxc4 d3 48.a4 Bc2 49.Kb5 Kf5
50.Kxa5 Ke4 51.Kb4 Ke3 52.Kc3 Bxa4 53.Rxd3+

[Event "2. Bundesliga Mitte 2009/2010"]
[Site "St. Veit/Glan"]
[Date "2010.04.16"]
[Round "9"]
[Board "1"]
[White "Mohr, Georg"]
[Black "Weiss, Christian"]
[Result "1-0"]
[WhiteElo "2503"]
[BlackElo "2421"]
[PlyCount "113"]
[EventDate "2009.10.10"]
[EventType "team"]
[EventRounds "11"]
[EventCountry "AUT"]
[WhiteTeam "Strassenbahn Graz"]
[BlackTeam "Union Ansfelden"]

1.g3 Nf6 2.Bg2 d5 3.d3 e6 4.Nf3 c5 5.O-O Nc6 6.c4 Be7 7.Nc3 O-O 8.Bf4 d4 9.Na4
Nd7 10.a3 e5 11.Bd2 Qc7 12.Rb1 b6 13.b4 Bb7 14.bxc5 bxc5 15.e3 Rab8 16.exd4 cxd4
17.Nh4 Bxh4 18.gxh4 Nd8 19.Bxb7 Nxb7 20.Qf3 Nbc5 21.Nxc5 Nxc5 22.Rb4 Rb6 23.h5
Rf6 24.Qg3 h6 25.Rfb1 Rc8 26.Rb5 Qc6 27.Rb8 Re6 28.R1b5 Rxb8 29.Rxb8+ Kh7 30.Qg4
Re8 31.Qf5+ Kg8 32.Qxe5 Ne6 33.Qb5 Qxb5 34.Rxb5 Rc8 35.Kf1 Nc5 36.Bf4 Nxd3
37.Rb8 Rxb8 38.Bxb8 a6 39.Ke2 Nc5 40.Ba7 Ne6 41.Kd3 Kf8 42.Bxd4 Ke7 43.Ke4 Kd6
44.Be3 Nd8 45.Bb6 Nc6 46.f4 f6 47.Be3 Na5 48.Kd3 Nc6 49.Bd2 a5 50.Be3 Nd8 51.Bb6
Nc6 52.Ke4 Ke6 53.Bc5 f5+ 54.Kd3 g6 55.hxg6 Kf6 56.Bf8 Kxg6 57.c5

[Event "2. Bundesliga Mitte 2009/2010"]
[Site "St. Veit/Glan"]
[Date "2010.04.16"]
[Round "9"]
[Board "2"]
[White "Knoll, Hermann"]
[Black "Pesorda, Ivan"]
[Result "1-0"]
[WhiteElo "2384"]
[BlackElo "2256"]
[PlyCount "49"]
[EventDate "2009.10.10"]
[EventType "team"]
[EventRounds "11"]
[EventCountry "AUT"]
[WhiteTeam "Union Ansfelden"]
[BlackTeam "Strassenbahn Graz"]

1.e4 c5 2.Nf3 e6 3.d4 cxd4 4.Nxd4 Nf6 5.Nc3 d6 6.g4 Be7 7.Be3 Nc6 8.h3 O-O 9.Bg2
Nxd4 10.Qxd4 e5 11.Qd2 Be6 12.O-O-O a6 13.Kb1 Nd7 14.Nd5 Bxd5 15.Qxd5 Qc7 16.Rd3
Rfc8 17.Rc3 Qd8 18.Rxc8 Qxc8 19.Rd1 Qc7 20.Rd3 Nf6 21.Qb3 b5 22.g5 Nd7 23.Qd5
Rc8 24.Rc3 Qb8 25.Ba7

[Event "2. Bundesliga Mitte 2009/2010"]
[Site "St. Veit/Glan"]
[Date "2010.04.16"]
[Round "9"]
[Board "3"]
[White "Krebs, Johann"]
[Black "Felsberger, Alfred"]
[Result "1/2-1/2"]
[WhiteElo "2218"]
[BlackElo "2368"]
[PlyCount "62"]
[EventDate "2009.10.10"]
[EventType "team"]
[EventRounds "11"]
[EventCountry "AUT"]
[WhiteTeam "Strassenbahn Graz"]
[BlackTeam "Union Ansfelden"]

1.d4 Nf6 2.c4 e6 3.Nc3 Bb4 4.Qc2 d5 5.cxd5 exd5 6.Bg5 O-O 7.e3 Be6 8.a3 Be7
9.Bd3 a6 10.Bh4 Nbd7 11.Nf3 c5 12.dxc5 Nxc5 13.O-O Rc8 14.Nd4 Nce4 15.Bxf6 Nxf6
16.Qd2 Qd7 17.Rac1 Bd6 18.Rc2 Ng4 19.g3 h5 20.Be2 Nf6 21.Rfc1 Rc5 22.Bf3 Rfc8
23.Nce2 b6 24.Qd3 Be5 25.b4 Rc4 26.b5 R4c5 27.Nxe6 Qxe6 28.Nd4 Bxd4 29.exd4 Rxc2
30.Rxc2 Rxc2 31.Qxc2 g6

[Event "2. Bundesliga Mitte 2009/2010"]
[Site "St. Veit/Glan"]
[Date "2010.04.16"]
[Round "9"]
[Board "4"]
[White "Ennsberger, Ulrich"]
[Black "Steiner, Stefan"]
[Result "1-0"]
[WhiteElo "2347"]
[BlackElo "2230"]
[PlyCount "109"]
[EventDate "2009.10.10"]
[EventType "team"]
[EventRounds "11"]
[EventCountry "AUT"]
[WhiteTeam "Union Ansfelden"]
[BlackTeam "Strassenbahn Graz"]

1.d4 Nf6 2.Bg5 e6 3.Nc3 h6 4.Bxf6 Qxf6 5.e4 d6 6.Qd2 c6 7.f4 e5 8.dxe5 dxe5 9.f5
Bb4 10.Nf3 Nd7 11.a3 Ba5 12.g4 Qe7 13.h4 Nf6 14.b4 Bb6 15.Bh3 h5 16.g5 Ng4
17.Na4 Be3 18.Qc3 Bf2+ 19.Kf1 Bg3 20.Rg1 Nh2+ 21.Nxh2 Bxh2 22.Rg2 Bf4 23.Rd1 f6
24.Nc5 fxg5 25.hxg5 Bxg5 26.f6 O-O 27.Ke2 Qxf6 28.Bxc8 Raxc8 29.Qg3 Bh6 30.Nd7
Qf4 31.Nxf8 Qxe4+ 32.Kf1 Rxf8+ 33.Rf2 Qh1+ 34.Ke2 Qe4+ 35.Kf1 Qh1+ 36.Ke2 Rxf2+
37.Qxf2 Qe4+ 38.Kf1 Qh1+ 39.Ke2 Qe4+ 40.Kf1 Qf4 41.Qxf4 Bxf4 42.Rd7 g5 43.Rxb7
g4 44.c4 Kf8 45.Rxa7 Ke8 46.Rh7 Kd8 47.Ke2 g3 48.Kf3 Kc8 49.Rxh5 Kb7 50.Rh7+ Kb6
51.Rg7 Bc1 52.Rg6 Kb7 53.a4 Bd2 54.b5 cxb5 55.axb5

[Event "2. Bundesliga Mitte 2009/2010"]
[Site "St. Veit/Glan"]
[Date "2010.04.16"]
[Round "9"]
[Board "5"]
[White "Schink, Barbara"]
[Black "Moser, Guenter"]
[Result "0-1"]
[WhiteElo "2057"]
[BlackElo "2327"]
[PlyCount "130"]
[EventDate "2009.10.10"]
[EventType "team"]
[EventRounds "11"]
[EventCountry "AUT"]
[WhiteTeam "Strassenbahn Graz"]
[BlackTeam "Union Ansfelden"]

1.e4 c5 2.Nf3 d6 3.d4 cxd4 4.Nxd4 Nf6 5.Nc3 a6 6.Be2 e5 7.Nb3 Be6 8.f4 Qc7 9.g4
exf4 10.g5 Nfd7 11.Bxf4 Nc6 12.Qd2 Nde5 13.O-O-O Rd8 14.Nd5 Bxd5 15.exd5 Nb8
16.Kb1 Nbd7 17.Nd4 g6 18.h4 Bg7 19.h5 O-O 20.hxg6 hxg6 21.Rh3 Rfe8 22.Rdh1 Qc5
23.Nb3 Qc7 24.Bd1 Qc4 25.Rh4 Qb5 26.Qh2 f5 27.c3 Nf8 28.Nd4 Qxd5 29.Bb3 Nc4
30.Rd1 b5 31.a4 Re4 32.Nxb5 Nd2+ 33.Qxd2 Qxb3 34.Nxd6 Re6 35.Rh3 Qxa4 36.Rd3 Qc6
37.Qc2 a5 38.Qb3 a4 39.Qa2 Rd7 40.Re3 Rde7 41.Rde1 Qd7 42.Qc4 Kh8 43.Rh1+ Nh7
44.Nf7+ Kg8 45.Nh6+ Bxh6 46.Rxh6 Kg7 47.Rxe6 Rxe6 48.Rh1 Re4 49.Qf1 Nf8 50.Bc1
f4 51.Ka1 Qf5 52.Qf3 Ne6 53.Rg1 Qe5 54.Kb1 Kf7 55.Bd2 Qd5 56.Bc1 Re5 57.Qf2 Rxg5
58.Rxg5 Qxg5 59.Qa7+ Kf6 60.Qxa4 Qf5+ 61.Ka2 g5 62.b4 f3 63.Bb2 f2 64.c4+ Kg6
65.Qe8+ Qf7

[Event "2. Bundesliga Mitte 2009/2010"]
[Site "St. Veit/Glan"]
[Date "2010.04.16"]
[Round "9"]
[Board "6"]
[White "Hellmayr, Alois"]
[Black "Teuschler, Hugo"]
[Result "1-0"]
[WhiteElo "2269"]
[BlackElo "2067"]
[PlyCount "61"]
[EventDate "2009.10.10"]
[EventType "team"]
[EventRounds "11"]
[EventCountry "AUT"]
[WhiteTeam "Union Ansfelden"]
[BlackTeam "Strassenbahn Graz"]

1.Nf3 d5 2.b3 Nf6 3.Bb2 e6 4.e3 Be7 5.d4 O-O 6.Nbd2 c5 7.Bd3 Nbd7 8.O-O cxd4
9.exd4 a6 10.Re1 b5 11.a3 Re8 12.Ne5 Nxe5 13.dxe5 Nd7 14.Re3 Nf8 15.Rg3 f5
16.Bd4 Bh4 17.Rh3 g6 18.b4 Rb8 19.f4 h5 20.Be2 Rb7 21.g3 Be7 22.Bxh5 Bxb4
23.axb4 gxh5 24.Rxa6 Rh7 25.Rd6 Qc7 26.Rxh5 Ree7 27.Rg5+ Reg7 28.Nf3 Qc4 29.Rd8
Rxg5 30.Nxg5 Rc7 31.c3

[Event "2. Bundesliga Mitte 2009/2010"]
[Site "St. Veit/Glan"]
[Date "2010.04.16"]
[Round "9"]
[Board "1"]
[White "Diermair, Andreas"]
[Black "Hoelzl, Franz"]
[Result "1-0"]
[WhiteElo "2333"]
[BlackElo "2333"]
[PlyCount "95"]
[EventDate "2009.10.10"]
[EventType "team"]
[EventRounds "11"]
[EventCountry "AUT"]
[WhiteTeam "Frauental"]
[BlackTeam "ZH-Technologies Wolfsberg"]

1.d4 Nf6 2.c4 e6 3.g3 Bb4+ 4.Bd2 Qe7 5.Nf3 Nc6 6.Nc3 O-O 7.Bg2 Na5 8.b3 b6 9.O-O
Bb7 10.Qc2 Rfc8 11.a3 Bxc3 12.Bxc3 Be4 13.Qb2 d6 14.Rfd1 Rab8 15.Rac1 Rd8 16.d5
c5 17.Bh3 exd5 18.cxd5 Nxd5 19.Bxg7 Bxf3 20.exf3 Qg5 21.Bh8 Nf4 22.Bf1 Nh5 23.f4
Qh6 24.Bc3 Nc6 25.Rd5 Kf8 26.Be2 Ng7 27.Rg5 Nd4 28.Bxd4 cxd4 29.Bg4 Qf6 30.Rd5
Ne8 31.Rxd4 Rb7 32.Qd2 Re7 33.Rd5 h6 34.Kg2 Rc7 35.h3 Rxc1 36.Qxc1 Qe7 37.Qe3
Qf6 38.Qd3 Qb2 39.Rf5 Ng7 40.Rb5 Ne8 41.a4 Nf6 42.Bf3 Kg7 43.Rb4 d5 44.g4 d4
45.Rc4 Kf8 46.g5 hxg5 47.fxg5 Nd5 48.Qxd4

[Event "2. Bundesliga Mitte 2009/2010"]
[Site "St. Veit/Glan"]
[Date "2010.04.16"]
[Round "9"]
[Board "2"]
[White "Mikac, Matjaz"]
[Black "Cigan, Stefan"]
[Result "1/2-1/2"]
[WhiteElo "2384"]
[BlackElo "2371"]
[PlyCount "55"]
[EventDate "2009.10.10"]
[EventType "team"]
[EventRounds "11"]
[EventCountry "AUT"]
[WhiteTeam "ZH-Technologies Wolfsberg"]
[BlackTeam "Frauental"]

1.d4 d5 2.c4 e6 3.Nf3 c5 4.e3 Nf6 5.cxd5 exd5 6.Bb5+ Nc6 7.O-O Be7 8.dxc5 Bxc5
9.b3 O-O 10.Bb2 Qe7 11.Qc2 Bg4 12.Bxc6 bxc6 13.Nbd2 Rfc8 14.Rfe1 Ba3 15.Rac1
Bxb2 16.Qxb2 c5 17.h3 Bxf3 18.Nxf3 a5 19.Rc2 a4 20.Rec1 axb3 21.axb3 Qf8 22.Nd2
Rab8 23.Qa3 Ra8 24.Qb2 Rab8 25.Qa3 Ra8 26.Qb2 Rab8 27.Qa3 Ra8 28.Qb2

[Event "2. Bundesliga Mitte 2009/2010"]
[Site "St. Veit/Glan"]
[Date "2010.04.16"]
[Round "9"]
[Board "3"]
[White "Schnider, Gert"]
[Black "Wegerer, Fred"]
[Result "1-0"]
[WhiteElo "2322"]
[BlackElo "2215"]
[PlyCount "108"]
[EventDate "2009.10.10"]
[EventType "team"]
[EventRounds "11"]
[EventCountry "AUT"]
[WhiteTeam "Frauental"]
[BlackTeam "ZH-Technologies Wolfsberg"]

1.d4 Nf6 2.c4 e6 3.Nc3 Bb4 4.Qc2 c5 5.dxc5 Nc6 6.Nf3 O-O 7.a3 Bxc5 8.Bg5 h6
9.Bh4 Be7 10.e3 a6 11.Bd3 d5 12.O-O dxc4 13.Bxc4 b5 14.Rfd1 Qb6 15.Ba2 Bb7
16.Bb1 Rfd8 17.Ba2 Rac8 18.Rxd8+ Rxd8 19.Rd1 Qc5 20.Rxd8+ Bxd8 21.b4 Qf5 22.Qd1
Be7 23.Bg3 a5 24.Bd6 axb4 25.axb4 Nd5 26.Bxd5 exd5 27.Bxe7 Nxe7 28.Nxb5 Qg6
29.Nbd4 Bc8 30.Qc2 Qa6 31.h3 Qa1+ 32.Kh2 Qa8 33.Qc7 Ng6 34.b5 Bb7 35.Nc6 Bxc6
36.bxc6 Nf8 37.Qd6 Ne6 38.Qxd5 Qb8+ 39.g3 Qb2 40.Kg2 Qc2 41.Ne5 g6 42.Qc4 Qxc4
43.Nxc4 Kf8 44.Kf3 Ke7 45.Ke4 Ng5+ 46.Kd5 h5 47.h4 Nh7 48.Ne5 Nf6+ 49.Kc5 Ne4+
50.Kb6 Ke6 51.Nc4 f6 52.f3 Nc3 53.c7 Nd5+ 54.Kb7 Ne7